| 000 | 01105nam a2200217Ia 4500 | ||
|---|---|---|---|
| 003 | GCL | ||
| 008 | 140319s9999 xx 000 0 ara d | ||
| 020 | _a2230314977 | ||
| 040 |
_aGCL / _cGCL |
||
| 082 | 0 | 4 |
_a723.3 _bم س |
| 100 | 1 | _aمحمد حمزة اسماعيل | |
| 245 | 1 | 0 |
_aسلسلة العمارة الاسلامية فى الجزيرة العربية : _bج1 طراز المسجد القبة فى المدينة المنورة والهفوف - ج2 الرواق فى العمارة الاسلامية بمكة المكرمة - ج 3 الاسبلة فى العمراة الاسلامية بمكة المكرمة والمدينة المنورة / _cمحمد حمزة اسماعيل |
| 260 |
_aالقاهرة : _bمكتبة زهراء الشرق ، _c2004 |
||
| 300 |
_a3 مج ؛ _c20 سم |
||
| 490 |
_aسلسلة العمارة الاسلامية فى الجزيرة العربية _v0 |
||
| 650 | 0 | 4 | _aالعمارة الاسلامية |
| 650 | 0 | 4 | _aالحضارة الاسلامية |
| 650 | 0 | 4 | _aالعمارة السعودية |
| 650 | 0 | 4 | _aالفن الاسلامى |
| 942 |
_2ddc _cBK |
||
| 999 |
_c7148 _d7148 |
||